| 000 | 00683nam a22002297a 4500 | ||
|---|---|---|---|
| 999 |
_c17198 _d17198 |
||
| 003 | AR-CdUCM | ||
| 008 | 190507b ||||| |||| 00| 0 spa d | ||
| 040 |
_aMUNICIPALIDAD PROVINCIAL DEL CUSCO _cBIBLIOTECA MUNICIPAL DEL CUSCO |
||
| 041 | _heng. | ||
| 082 |
_a818.5 / _bA27 |
||
| 100 |
_aNathan, Robert _937069 |
||
| 245 | _aEl demonio con amor / | ||
| 260 |
_aBuenos Aires : _bPlaza & Janes, _c1965. |
||
| 300 |
_a145 paginas ; _c18 cm. |
||
| 505 | _aContenido :Novela / | ||
| 650 |
_aLiteratura estadounidense _911000 |
||
| 650 |
_aNovela _95 |
||
| 650 |
_aSiglo XX _98 |
||
| 700 |
_aMcKenzie, Sylvia (traductor) _937070 |
||
| 942 |
_2ddc _cLIBROS |
||
| 945 |
_arjall _d2019-05-07 |
||